The autobiography of Benjamín Franklin & selections from his other writings / (Record no. 1236)
[ view plain ]
| 000 -CABECERA | |
|---|---|
| campo de control de longitud fija | 00850cam a2200217 a 4500 |
| 001 - NÚMERO DE CONTROL | |
| campo de control | 000001297 |
| 005 - FECHA Y HORA DE LA ÚLTIMA TRANSACCIÓN | |
| campo de control | 20200929145532.0 |
| 008 - DATOS DE LONGITUD FIJA--INFORMACIÓN GENERAL | |
| campo de control de longitud fija | 780620s1950 nyu 000 0aeng |
| 040 ## - FUENTE DE LA CATALOGACIÓN | |
| Centro catalogador/agencia de origen | DO-SdBNP |
| Lengua de catalogación | spa |
| Centro/agencia transcriptor | BNPHU |
| 082 ## - NÚMERO DE LA CLASIFICACIÓN DECIMAL DEWEY | |
| Número de clasificación | 973.3092 |
| Número de documento/Ítem | F831a |
| 100 1# - ENTRADA PRINCIPAL--NOMBRE DE PERSONA | |
| Nombre de persona | Franklin, Benjamín, |
| Fechas asociadas al nombre | 1706-1790. |
| 9 (RLIN) | 4387 |
| 245 14 - MENCIÓN DE TÍTULO | |
| Título | The autobiography of Benjamín Franklin & selections from his other writings / |
| Mención de responsabilidad, etc. | introducción, Henry Steele Commager. |
| 260 ## - PUBLICACIÓN, DISTRIBUCIÓN, ETC. | |
| Lugar de publicación, distribución, etc. | New York : |
| Nombre del editor, distribuidor, etc. | Modern Library, |
| Fecha de publicación, distribución, etc. | [1950]. |
| 300 ## - DESCRIPCIÓN FÍSICA | |
| Extensión | xxi, 264 p. ; |
| Dimensiones | 19 cm. |
| 490 1# - MENCIÓN DE SERIE | |
| Mención de serie | Modern library college editions ; |
| Designación de volumen o secuencia | 39 |
| 504 ## - NOTA DE BIBLIOGRAFÍA, ETC. | |
| Nota de bibliografía, etc. | Bibliografía : p. xiv-xvi. |
| 600 10 - PUNTO DE ACCESO ADICIONAL DE MATERIA--NOMBRE DE PERSONA | |
| Nombre de persona | FRANKLIN, BENJAMÍN, |
| Fechas asociadas al nombre | 1706-1790 |
| Subdivisión general | AUTOBIOGRAFÍA |
| 9 (RLIN) | 4388 |
| 650 #4 - PUNTO DE ACCESO ADICIONAL DE MATERIA--TÉRMINO DE MATERIA | |
| Término de materia o nombre geográfico como elemento de entrada | Estadistas |
| Subdivisión geográfica | Estados Unidos |
| Subdivisión general | Biografía |
| 9 (RLIN) | 4389 |
| 700 1# - PUNTO DE ACCESO ADICIONAL--NOMBRE DE PERSONA | |
| Nombre de persona | Commager, Henry Steele, |
| Término indicativo de función/relación | introd. |
| 9 (RLIN) | 4390 |
| 830 #0 - PUNTO DE ACCESO ADICIONAL DE SERIE-TÍTULO UNIFORME | |
| Título uniforme | Modern library college editions ; |
| Número de parte o sección de la obra | 39 |
| 9 (RLIN) | 4391 |
| Estado de retiro | Estado de pérdida | Restricciones de uso | No para préstamo | Localización permanente | Ubicación/localización actual | Ubicación en estantería | Fecha de adquisición | Fuente de adquisición | Número de inventario | Total de préstamos | Signatura topográfica completa | Código de barras | Fecha visto por última vez | Precio válido a partir de | Tipo de ítem Koha |
|---|---|---|---|---|---|---|---|---|---|---|---|---|---|---|---|
| General | General | Depósito | 23.07.2009 | 002344 | LF1 | 973.3092 F831a | 1297-10 | 25.06.2020 | 25.06.2020 | Préstamo en sala |
